00887nam a22001697a 4500003000900000008004100009040007100050082002000121110002200141245003700163260002100200300002300221505040700244650002000651650002700671650001900698AR-CdUCM190318b ||||| |||| 00| 0 spa d aMUNICIPALIDAD PROVINCIAL DEL CUSCOcBIBLIOTECA MUNICIPAL DEL CUSCO a086.985 /bAU88 aEditorial Ausonia aHistoria marítima del Perú / aLima :bAusonia, a7 tomos ;c25 cm. aContenido : t.1: v.1 y v.2.- el mar gran personaje -- Geografía y geología -- Oceanografía -- Biología -- t.2: v.1 y v.2.- Época prehistorica -- t.3: v.1 y v.2.- Siglo XVI historia interna y externa -- t.4: v.1 y v.2.- Siglo XVI, XVII Y XVII -- t.5: v.1 y v.2.- Epoca de la independencia -- 1980-1862 -- t.7: v.1 y v.2.- La intervención de las potencias europeas en Latinoamerica 1864-1868. aFitogeografía aGeografía del Perú aHistoria naval